| 000 | 00978nas a2200325 4500 | ||
|---|---|---|---|
| 001 | BR2017000075 | ||
| 003 | BR-BrBNA | ||
| 005 | 20231205130810.0 | ||
| 007 | ta | ||
| 008 | 230509b bl.|||p| |||| 00| 00por d | ||
| 040 |
_aBR-BrBNA _bpor _cBiblioteca Nacional de Agricultura |
||
| 041 | _a(En) | ||
| 072 | _aK10 | ||
| 100 | 1 | _aEloy, E. | |
| 100 | 1 | _aSilva, D.A. da | |
| 100 | 1 | _aSchmidt, D. | |
| 100 | 1 | _aTrevisan, R. | |
| 100 | 1 | _aCaron, B.O. | |
| 100 | 1 | _aElli, E.F. | |
| 245 | 1 | _aEffect of plantig age and spacing on energy properties of Eucalyptus grandis W. Hill ex Maiden | |
| 650 | _aEUCALIPTO | ||
| 650 | _aPLANTIO | ||
| 650 | _aESPAÇAMENTO | ||
| 650 | _aBIOMASSA | ||
| 650 | _aENERGIA | ||
| 773 | 0 |
_tRevista Árvore (Brazil) _xISSN 1806-9088 _g(Jul-Aug 2016), v. 40(4) p. 749-758 _wBR2017000075 |
|
| 856 | 4 | 0 | _uhttp://www.scielo.br/pdf/rarv/v40n4/0100-6762-rarv-40-04-0749.pdf |
| 909 |
_a202311 _bLúcia _c55 _dLúcia Elande |
||
| 942 |
_2AGRIS _n0 _cANA |
||
| 999 |
_c251320 _d251320 |
||